|
|
|
|
| LEADER |
01583nam a2200313 i 4500 |
| 001 |
104897 |
| 003 |
GR-PaULI |
| 005 |
20230523091904.0 |
| 008 |
220131s1975 fr a f b 001 0 fre d |
| 952 |
|
|
|0 0
|1 0
|2 ddc
|4 0
|6 792_023000000000000_VOI
|7 0
|9 355359
|a THST
|b THST
|d 2022-01-31
|i 016942
|l 0
|o 792.023 VOI
|p 025000011067
|r 2022-01-31 00:00:00
|t 1
|w 2022-01-31
|y BK15
|
| 999 |
|
|
|c 208275
|d 208275
|
| 020 |
|
|
|a 2222017424
|
| 040 |
|
|
|a GR-PaULI
|b gre
|c GR-PaULI
|e AACR2
|
| 082 |
0 |
4 |
|a 792.023
|2 23
|
| 245 |
0 |
4 |
|a Les voies de la création théâtrale.
|n 4 /
|c études de O. Aslan, ...[et al.] ; réunies et présenteés par Denis Bablet et Jean Jacquot.
|
| 260 |
|
|
|a Paris :
|b C.N.R.S.,
|c 1975.
|
| 300 |
|
|
|a 427 σ. :
|b εικ. ;
|c 27 εκ.
|
| 490 |
1 |
|
|a Collection Le Choeur des Muses
|
| 504 |
|
|
|6 Περιλαμβάνει βιβλιογραφία και ευρετήριο.
|
| 505 |
0 |
|
|a Mort d'un commis voyageur / Arthur Miller -- Le Marchand de glace est passe -- Les bonnes / Jean Genet -- Le retour / Harold Pinter -- Karol, strip-tease, en pleine mer, tango / Slawomir Mrozek.
|
| 650 |
|
4 |
|9 1574
|a Θέατρο
|x Παραγωγή και σκηνοθεσία
|
| 650 |
|
4 |
|a Δράμα
|x Ιστορία και κριτική
|y 20ός αιώνας
|9 83532
|
| 650 |
|
4 |
|9 37786
|a Πειραματικό θέατρο
|
| 700 |
1 |
4 |
|a Aslan, Odette
|9 147671
|e επιμελητής
|d 1943-
|
| 700 |
1 |
4 |
|a Bablet, Denis
|9 92658
|e επιμελητής
|
| 700 |
1 |
4 |
|a Jacquot, Jean.
|9 189812
|e επιμελητής
|
| 830 |
|
0 |
|9 189814
|a Collection Le Choeur des Muses
|
| 942 |
|
|
|2 ddc
|c BK15
|
| 998 |
|
|
|c ΜΑΝΙΑ
|d 2022-01
|